000 00260 a2200121 4500
003 Nust
005 20170207154014.0
040 _cNust
100 _aKernel
245 _aPorting device drivers to the 2.6 kernel (E-BOOK)
_bKernel
300 _a142 p
651 _aE-BOOK
942 _2ddc
_cBK
999 _c191368
_d191368